000 00584nam a22001817a 4500
005 20100924132637.0
008 100924t xxu||||| |||| 00| 0 eng d
020 _a1-57335-177-6
020 _a1-85830-256-0
035 _aA-781957
082 _aS-TIN
245 _aThe tin soldier /
_cillustrated by Pam Storey
260 _aNew York
_bShooting Star Press Inc.
_c1995
300 _aVarious paging
_b17cm. (pbk)
_cillu.
700 _aStorey, Pam
_921412
942 _2ddc
_cCH
_hS-TIN
999 _c47669
_d47669